Sprint : How to Solve Big Problems and Test New Ideas in Just Five Days /
Saved in:
| Main Authors: | , , |
|---|---|
| Format: | Book |
| Language: | English |
| Published: |
London :
Penguin Books,
2021
|
| Edition: | 2. vydanie |
| Series: | Penguin Readers
|
| Subjects: | |
| Tags: |
No Tags, Be the first to tag this record!
|
MARC
| LEADER | 00000nam a22000003a 4500 | ||
|---|---|---|---|
| 001 | 0089204 | ||
| 003 | SK-STU | ||
| 005 | 20210630135929.0 | ||
| 007 | ta | ||
| 008 | 210630s ----xo-----e------000-0-----d | ||
| 020 | |a 978-0-241-49321-2 | ||
| 040 | |a STU |b slo | ||
| 041 | 0 | |a eng | |
| 044 | |a xxk | ||
| 100 | 1 | |a Knapp, Jake |4 aut | |
| 245 | 1 | 0 | |a Sprint : |b How to Solve Big Problems and Test New Ideas in Just Five Days / |c aut. Jake Knapp, John Zeratsky, Braden Kowitz |
| 250 | |a 2. vydanie | ||
| 260 | |a London : |b Penguin Books, |c 2021 | ||
| 300 | |a 128 s. | ||
| 490 | 0 | |a Penguin Readers | |
| 500 | |a Dostupné aj ako audiokniha a kniha v elektronickej verzii. | ||
| 650 | 0 | 7 | |a Rozhodovanie-techniky |
| 650 | 0 | 7 | |a variantné riešenie |
| 650 | 0 | 7 | |a riešenie problémov |
| 650 | 0 | 7 | |a tímová spolupráca |
| 650 | 0 | 7 | |a tímová práca |
| 650 | 0 | 7 | |a kreatívne myslenie |
| 700 | 1 | |a Zeratsky, John |4 aut | |
| 700 | 1 | |a Kowitz, Braden |4 aut | |
| 996 | |b 284AU08707 |c A* 11985/U |l AAKNST |s P |a 0 |w 0089204_0001 | ||
| 996 | |b 284AU08708 |c A* 11986/U |l AAKNAR |s A |a 24 |w 0089204_0002 | ||